Zhodnotenie silných a slabých stránok ekonomiky a hospodárskej politiky Gruzínska v procese jeho zbližovania s Európskou úniou diplomová práca

Salvato in:
Dettagli Bibliografici
Autore principale: Olčaková, Mária
Ente Autore: Národohospodárska fakulta EU. Katedra hospodárskej politiky
Altri autori: Morvay, Karol, 1973-
Natura: Libro
Lingua:slovacco
Pubblicazione: Bratislava 2017
Tags: Aggiungi Tag
Nessun Tag, puoi essere il primo ad aggiungerne!!

MARC

LEADER 00000nbm a2200000 4500
001 0231784
005 20170807100743.2
041 0 |a slo 
044 |a SK 
245 1 0 |a Zhodnotenie silných a slabých stránok ekonomiky a hospodárskej politiky Gruzínska v procese jeho zbližovania s Európskou úniou  |b diplomová práca  |c Mária Olčaková ; školiteľ: Karol Morvay 
264 1 |a Bratislava  |c 2017 
300 |a 63 s. 
100 1 |a Olčaková, Mária 
700 1 |a Morvay, Karol, 1973- 
710 2 |a Národohospodárska fakulta EU. Katedra hospodárskej politiky